00601nam a2200121Ia 45000010005000000080041000050820024000461000048000702450270001182600048003889010028004369990015004643545241024s9999 xx 000 0 und d aRD/414.07/ES79c/1-5 aEstancia Instituto de Terapia Psicocorporal 0aComunicación efectiva-afectiva en el proceso de enseñanza Aprendizaje, 1. La comunicación efectiva/ Afectiva y las emociones. 2. Lectura pisco-corporal. 3. Fisiología de las emociones y estres somático. 4. Empodaramiento personal / Comunicación efectiva bSanto Domingo, República Dominicanac2010 a16/12/2013 3:45:30 p.m. c8243d8243